| Поле | Название | Значение |
| |
Тип записи |
a |
| |
Библиографический уровень |
m |
| 001 |
Контрольный номер |
RU/CBS_UL/BASE/9de70017a42a4d42a8923559aad112e8 |
| 005 |
Дата корректировки |
20260414094125.8 |
| 010 |
Индекс ISBN |
__ |
| a |
ISBN |
978-5-04-159979-9 |
| b |
Уточнения |
в пер. |
| d |
Цена |
511 р. 50 к. |
| 9 |
Тираж |
3 000 экз. |
| 100 |
Данные общей обработки |
__ |
| a |
Данные общей обработки |
20200515d2020 ||| 0rusy0189 ca |
| 101 |
Язык документа |
0_ |
| a |
Язык текста |
rus |
| 102 |
Страна публикации |
__ |
| a |
Страна публикации |
RU |
| 105 |
Кодированные данные (монография) |
__ |
| a |
Кодированные данные (монография) |
y###||||000|y |
| 181 |
Поле кодированных данных: вид содержания |
_1 |
| a |
Код вида содержания (ISBD) |
i# |
| b |
Код характеристики содержания (ISBD) |
#xxe## |
| d |
|
i |
| g |
|
x |
| h |
|
x |
| i |
|
e |
| 2 |
Код системы (источник кода, отличный от ISBD) |
isbdcontent |
| 182 |
Поле кодированных данных: тип средства |
_1 |
| a |
Код типа средства (ISBD) |
n |
| 2 |
Код системы (источник кода, отличный от ISBD) |
isbdmedia |
| 200 |
Заглавие и сведения об ответственности |
1_ |
| a |
Заглавие |
Учимся рисовать акварелью с нуля |
| e |
Сведения, относящиеся к заглавию |
25 пошаговых мастер-классов для начинающих |
| f |
Первые сведения об ответственности |
Д. Меррилл |
| g |
Последующие сведения об ответственности |
пер. с англ. Л. Абдуллаевой |
| 210 |
Выходные данные |
1_ |
| a |
Место издания |
Москва |
| c |
Издательство |
ЭКСМО |
| c |
Издательство |
Бомбора |
| d |
Дата издания |
2022 |
| 215 |
Физическое описание |
__ |
| a |
Объем |
154 с. |
| c |
Иллюстрации/тип воспроизводства |
ил. |
| d |
Формат |
24 см. |
| 225 |
Серия |
2_ |
| a |
Серия |
Начни рисовать. Лучшие книги для начинающих |
| 300 |
Общие примечания |
__ |
| a |
Общие примечания |
12+ |
| 300 |
Общие примечания |
__ |
| a |
Общие примечания |
На обл.: Авторский курс по рисованию от известной сингапурской художницы |
| 606 |
Тематические рубрики |
0_ |
| a |
Основная рубрика |
Живопись - Акварель - Техника |
| 610 |
Ключевые слова |
0_ |
| a |
Ключевые слова |
живопись |
| a |
Ключевые слова |
обучение рисованию |
| a |
Ключевые слова |
живопись акварельная |
| a |
Ключевые слова |
пейзажи акварельные |
| a |
Ключевые слова |
рисование акварелью |
| 686 |
Индексы других классификаций |
__ |
| a |
Классификационный индекс |
85.14 |
| 2 |
Код системы |
rubbk |
| 700 |
Автор |
_0 |
| a |
Фамилия |
Меррилл |
| b |
Имя (инициалы) |
Д. |
| g |
Полное личное имя |
Джови |
| 852 |
Данные о местонахождении |
__ |
| i |
Авторский знак |
М 52 |
| j |
Шифр хранения |
85.14я7 |
| 900 |
Электронные ресурсы |
__ |
| a |
Имя электронного ресурса |
Акварелью с нуля |
| 901 |
Тип документа |
__ |
| t |
Тип документа |
m |